Európska únia a západný Balkán diplomová práca

Gespeichert in:
Bibliographische Detailangaben
1. Verfasser: Pápešová, Alexandra
Körperschaft: Obchodná fakulta EU. Katedra medzinárodného obchodu
Weitere Verfasser: Vargová, Andrea
Format: Buch
Sprache:Slowakisch
Veröffentlicht: Bratislava 2012
Tags: Tag hinzufügen
Keine Tags, Fügen Sie das erste Tag hinzu!

MARC

LEADER 00000nbm a2200000 4500
001 0157991
005 20170524085511.9
041 0 |a slo 
044 |a SK 
245 1 0 |a Európska únia a západný Balkán  |b diplomová práca  |c Alexandra Pápešová ; školiteľ: Andrea Vargová 
264 1 |a Bratislava  |c 2012 
300 |a 76 s. 
100 1 |a Pápešová, Alexandra 
700 1 |a Vargová, Andrea 
710 2 |a Obchodná fakulta EU. Katedra medzinárodného obchodu